| 000 | 00530 a2200169 4500 | ||
|---|---|---|---|
| 020 | _c295.00 | ||
| 035 | _aB-79290 | ||
| 037 | _bRP-L-25 / UBH-03-04:SPL CH / RP-03-04:ENG | ||
| 082 | 1 | 4 | _a362.196994 |
| 090 |
_c2752 _d2752 |
||
| 100 | 1 | _aAnup Kumar | |
| 245 | 1 |
_aSmile & tears _ba salute to cancer _cby Anup Kuamr |
|
| 260 |
_aNew Delhi _bRupa _c2003 |
||
| 300 |
_a272 p _bphotos (B&W) _c23 cm (pbk) |
||
| 942 |
_adpl _cEN _k362.196994 / ANU |
||
| 999 |
_c2699 _d2699 |
||